Memories of a rolling stone (Record no. 7720)

MARC details
000 -LEADER
fixed length control field 00517nam a2200181Ia 4500
020 ## - INTERNATIONAL STANDARD BOOK NUMBER
ISBN 9788189884529
082 ## - DEWEY DECIMAL CLASSIFICATION NUMBER
Classification number RR 920.7254 MAZ-M
100 ## - MAIN ENTRY--AUTHOR NAME
Personal name Mazumdar, Vina
245 #0 - TITLE STATEMENT
Title Memories of a rolling stone
260 ## - PUBLICATION, DISTRIBUTION, ETC. (IMPRINT)
Place of publication New Delhi
Name of publisher Zubaan
Year of publication 2010
300 ## - PHYSICAL DESCRIPTION
Number of Pages viii, 183
650 ## - SUBJECT ADDED ENTRY--TOPICAL TERM
Topical Term Mazumdar, Vina
Form subdivision Biography
650 ## - SUBJECT ADDED ENTRY--TOPICAL TERM
Topical Term Women
Form subdivision India
-- Social conditions
650 ## - SUBJECT ADDED ENTRY--TOPICAL TERM
Topical Term Women social reformers
Form subdivision India
-- Biography
650 ## - SUBJECT ADDED ENTRY--TOPICAL TERM
Topical Term Women
Geographic subdivision India
-- History
650 ## - SUBJECT ADDED ENTRY--TOPICAL TERM
Topical Term Women social workers
Form subdivision India
-- Biography
942 ## - ADDED ENTRY ELEMENTS (KOHA)
Koha item type Books
Holdings
Withdrawn status Lost status Damaged status Not for loan Home library Current library Date acquired Source of acquisition Bill Date Full call number Accession Number Price effective from Koha item type
        NASSDOC Library NASSDOC Library 25/04/2011 Gifted by : Centre for Women's Developme 2011-02-22 RR 920.7254 MAZ-M 47210 18/04/2019 Books